00864nam a22002657a 45000010005000000030006000050050017000110080041000280200018000690400029000870500014001160820010001301000018001402450076001582500041002342600034002753000050003095050007003595200109003665210018004755210018004936500025005116500029005367000033005656981FISKH20250613143309.0250613b cb ||||| |||| 00| 0 eng d a9780590273756 aFISKHbengcFISKHdFISKH aPZ7.F8475 a428.6 aFranco, Betsy aBo and Peter /cWritten by Betsy Franco ; Illustrated by Stacey Schuett aThis edition first published in 1994 aNew York :bScholastic,c1994 a16 pages :bcolor illustrations ;c16 x 24 cm aG  aAlthough one is in a wheelchair, best friends Bo and Peter participate in the same physical activities. 8 a300 bLexile 8 aG bRaz-Plus  2FriendsaBaggy books 2WiggleworksaDisabilty's aSchuett, Staceydillustrator